000 01562nam a2200241Ia 4500
999 _c35056
_d35056
001 896
003 GE_BSU
005 20220504130017.0
008 181216s1992||||rus|||||||||||||| ||ru ||
040 _cGE_BSU
080 _a821.353.1.09+ 821.161.09 Г-90
245 _aГрузинская и русская средневековые литературы = შუა საუკუნეების ქართული და რუსული ლიტერატურა.
_cОтветственный редактор: Л.В. Менабде; Тбилисский государственный университет, Институт русской литературы,Пушкинский дом.
264 _aТбилиси :
_bТГУ,
_c1992.
300 _a387 с.:
_bил. ;
_c 22 см.
522 _aБиблиогр. в примеч. в конце ст.
522 _aБиблиогр.: Памятники древнегруз. лит. в рус. пер. и русскоязыч. исслед. / Сост. Алибегашвили Г.Г. и др.: с. 248-360.
653 _aГрузинская литература
653 _aРусская литература
653 _aძველი ქართული ლიტერატურის ისტორია და კრიტიკა.
653 _aძველი რუსული ლიტერატურის ისტორია და კრიტიკა.
700 _aМенабде, Л.В
_eრედაქტორი
_913705
942 _cBK
_2udc